000
00252 a2200109 4500
001
51153
040
_c
Anchieta - Pituba
240
1
0
_a
Geni@l Klick
_l
245
1
0
_a
Geni@l Klick
650
4
_a
Línguas germânicas (teutônicas) língua alemã
942
_c
MX
999
_c
51153
_d
51153